Normal view
MARC view
- Walstad, William B
Entry Personal Name
001 - CONTROL NUMBER
- control field: 109799
003 - CONTROL NUMBER IDENTIFIER
- control field: NUST
005 - DATE AND TIME OF LATEST TRANSACTION
- control field: 20230306105902.0
008 - FIXED-LENGTH DATA ELEMENTS
- fixed length control field: 230306|| aca||aabn | a|a d
040 ## - CATALOGING SOURCE
- Original cataloging agency: NUST
- Transcribing agency: NUST
100 ## - HEADING--PERSONAL NAME
- Personal name: Walstad, William B
670 ## - SOURCE DATA FOUND
- Source citation: Work cat.: (NUST)184549: Bingham, Robert C. 109798, Microeconomics, 1990
